Party committees and national politics.

Bibliographic Details
Main Author: Bone, Hugh Alvin, 1909-1994
Format: Book
Language:English
Published: Seattle : University of Washington Press, 1958.
Subjects:

MARC

Tag First Indicator Second Indicator Subfields
LEADER 00000cam a2200000 4500
001 in00000063054
005 20151008051135.0
008 721121s1958 wau b 00000 eng u
010 |a  58010481  
035 |a (OCoLC)00500263 
035 |9 AAG5995AM 
040 |c WSU  |d TXA  |d UtOrBLW 
049 |a TXAM  |c [314364] 
050 0 |a JK2276  |b .B6 
092 |a 329  |b B712p 
100 1 |a Bone, Hugh Alvin,  |d 1909-1994. 
245 1 0 |a Party committees and national politics. 
264 1 |a Seattle :  |b University of Washington Press,  |c 1958. 
300 |a 256 pages 
336 |a text  |b txt  |2 rdacontent 
337 |a unmediated  |b n  |2 rdamedia 
338 |a volume  |b nc  |2 rdacarrier 
504 |a Bibliography: pages 245-249. 
650 0 |a Political parties  |z United States. 
999 |a MARS 
999 f f |s eb459ebf-9543-3002-b150-fc7291e67fe5  |i 3289a706-c7eb-3a51-a975-7f8abef4050e  |t 0 
952 f f |p ric  |a Texas A&M University  |b Rellis Campus  |c Joint Library Facility  |d Remote Storage  |t 0  |e JK2276 .B6  |h Library of Congress classification  |i unmediated -- volume  |m A14800682809 
998 f f |a JK2276 .B6  |t 0  |l Remote Storage